00496nam a22001817a 450000500170000001000150001702000260003203500130005803700130007108200080008410000200009224500660011225000120017826000340019027000450022430000260026950000190029520130628124149.0 aENG-105655 a9788120345539c450.00 aEN-89188 bDBAD/PUB a350 aHenry, Nicholas aPublic administration and public affairs /cby Nicholas Henry a12th ed aNew DelhibPHI learningc2012 aM-97 Connaught CircusbNew Delhie110001 axiv,482p.b24cm (pbk) aincludes index